[Event "Valls Vs Andorra"]
[Site "Valls"]
[Date "2023.02.25"]
[Round "6.1"]
[White "Peralta, Fernando"]
[Black "Henderson de la Fuente, Lance"]
[Result "1/2-1/2"]
[TimeControl "90'+30\""]
[WhiteTitle "GM"]
[BlackTitle "GM"]
[WhiteFideId "105309"]
[BlackFideId "32096585"]
[WhiteElo "2596"]
[BlackElo "2506"]

1. d4 {[%emt 00:00:33]} Nf6 {[%clk 01:30:21]} {[%emt 00:00:07]} 2. c4 {[%clk
01:31:21]} {[%emt 00:00:06]} g6 {[%clk 01:30:21]} {[%emt 00:00:31]} 3. Nc3
{[%clk 01:31:44]} {[%emt 00:00:07]} Bg7 {[%clk 01:30:42]} {[%emt 00:00:08]} 4.
e4 {[%clk 01:31:55]} {[%emt 00:00:19]} O-O {[%emt 00:00:57]} 5. Nf3 {[%emt
00:01:25]} d6 {[%clk 01:30:39]} {[%emt 00:00:02]} 6. h3 {[%emt 00:00:15]} e5
{[%clk 01:30:32]} {[%emt 00:00:29]} 7. d5 {[%clk 01:31:52]} {[%emt 00:00:06]}
a5 {[%clk 01:30:45]} {[%emt 00:00:18]} 8. g4 {[%clk 01:31:02]} {[%emt
00:01:20]} Na6 {[%clk 01:30:19]} {[%emt 00:00:56]} 9. Be3 {[%clk 01:31:25]}
{[%emt 00:00:06]} Nd7 {[%clk 01:30:24]} {[%emt 00:00:25]} 10. a3 {[%clk
01:31:33]} {[%emt 00:00:23]} Nb6 {[%emt 00:00:45]} 11. g5 {[%emt 00:06:59]} f6
{[%clk 01:20:24]} {[%emt 00:05:13]} 12. Rg1 {[%emt 00:07:19]} Nc5 {[%emt
00:04:58]} 13. h4 {[%emt 00:06:30]} Kh8 {[%emt 00:08:20]} 14. Nd2 {[%emt
00:13:43]} fxg5 {[%clk 00:57:40]} {[%emt 00:00:03]} 15. hxg5 {[%emt 00:00:20]}
a4 {[%emt 00:10:03]} 16. Qe2 {[%emt 00:17:23]} Rf7 {[%emt 00:02:32]} 17. O-O-O
{[%clk 01:02:54]} {[%emt 00:05:54]} c6 18. Kb1 {[%emt 00:02:56]} Bd7 {[%emt
00:07:53]} 19. f3 {[%emt 00:01:12]} Qe7 {[%emt 00:02:41]} 20. Rh1 {[%emt
00:00:17]} Kg8 {[%emt 00:09:15]} 21. Rc1 {[%emt 00:01:07]} Raf8 {[%emt
00:02:12]} 22. Bh3 {[%clk 00:42:25]} {[%emt 00:00:18]} Rf4 {[%clk 00:30:39]}
{[%emt 00:03:29]} 23. Rcg1 {[%clk 00:39:53]} {[%emt 00:03:02]} R8f7 {[%emt
00:05:54]} 24. Bxd7 {[%emt 00:00:33]} Nbxd7 {[%clk 00:30:22]} {[%emt 00:00:10]}
25. Qd1 {[%emt 00:03:10]} Nb3 {[%emt 00:05:26]} 26. Bxf4 {[%clk 00:29:37]}
{[%emt 00:00:53]} exf4 {[%emt 00:01:05]} 27. Nxb3 {[%emt 00:01:11]} Bxc3 {[%emt
00:03:11]} 28. Nd4 {[%clk 00:25:48]} {[%emt 00:00:35]} Bxd4 {[%clk 00:27:53]}
{[%emt 00:00:14]} 29. Qxd4 {[%emt 00:01:00]} c5 {[%emt 00:03:57]} 30. Qd1
{[%clk 00:21:56]} {[%emt 00:01:00]} Ne5 {[%clk 00:27:46]} {[%emt 00:00:03]} 31.
Qe2 {[%emt 00:00:48]} Qd8 {[%emt 00:02:09]} 32. Rh3 {[%clk 00:19:18]} {[%emt
00:02:15]} Qb6 33. Rc1 {[%emt 00:02:42]} Qd8 {[%clk 00:25:10]} {[%emt
00:00:21]} 34. Rg1 {[%clk 00:19:00]} {[%emt 00:00:47]} Qb6 {[%clk 00:25:39]}
{[%emt 00:00:02]} 35. Rc1 {[%clk 00:18:59]} {[%emt 00:00:30]} Qd8 {[%emt
00:02:18]} 1/2-1/2

[Event "Valls Vs Andorra"]
[Site "Valls"]
[Date "2023.02.25"]
[Round "6.2"]
[White "de la Riva Aguado, Oscar"]
[Black "Gonzalez Garcia, Jose"]
[Result "1/2-1/2"]
[TimeControl "90'+30\""]
[WhiteTitle "GM"]
[BlackTitle "GM"]
[WhiteFideId "6900224"]
[BlackFideId "5101174"]
[WhiteElo "2440"]
[BlackElo "2458"]

1. e4 {[%clk 01:30:55]} {[%emt 00:00:03]} e6 {[%clk 01:30:49]} {[%emt
00:00:11]} 2. d4 {[%clk 01:30:56]} {[%emt 00:00:29]} d5 {[%clk 01:29:55]}
{[%emt 00:01:25]} 3. Nc3 {[%clk 01:30:55]} {[%emt 00:00:31]} Nf6 {[%clk
01:29:55]} {[%emt 00:00:30]} 4. e5 {[%clk 01:29:01]} {[%emt 00:02:24]} Nfd7
{[%clk 01:30:05]} {[%emt 00:00:19]} 5. f4 {[%clk 01:28:43]} {[%emt 00:00:49]}
c5 {[%emt 00:00:16]} 6. Nf3 {[%clk 01:28:53]} {[%emt 00:00:21]} Nc6 {[%clk
01:30:42]} {[%emt 00:00:06]} 7. Be3 {[%clk 01:29:09]} {[%emt 00:00:14]} a6
{[%clk 01:30:22]} {[%emt 00:00:51]} 8. a3 {[%clk 01:25:23]} {[%emt 00:04:17]}
cxd4 {[%clk 01:27:32]} {[%emt 00:03:19]} 9. Nxd4 {[%clk 01:25:30]} {[%emt
00:00:22]} Bc5 {[%clk 01:27:44]} {[%emt 00:00:18]} 10. Qd2 {[%clk 01:24:44]}
{[%emt 00:01:16]} O-O {[%clk 01:27:04]} {[%emt 00:01:11]} 11. Be2 {[%clk
01:23:18]} {[%emt 00:01:56]} Nxd4 {[%clk 01:10:02]} {[%emt 00:17:32]} 12. Bxd4
{[%clk 01:22:33]} {[%emt 00:01:15]} b5 {[%clk 01:09:51]} {[%emt 00:00:41]} 13.
Bxc5 {[%clk 01:14:32]} {[%emt 00:08:32]} Nxc5 {[%clk 01:09:49]} {[%emt
00:00:32]} 14. Qd4 {[%clk 01:14:55]} {[%emt 00:00:07]} Qc7 {[%clk 01:06:24]}
{[%emt 00:03:54]} 15. Bf3 {[%clk 00:58:03]} {[%emt 00:17:22]} Bb7 {[%emt
00:06:01]} 1/2-1/2

[Event "Valls Vs Andorra"]
[Site "Valls"]
[Date "2023.02.25"]
[Round "6.3"]
[White "Iermito, Sebastian"]
[Black "Ribera Veganzones, Serni"]
[Result "1-0"]
[TimeControl "90'+30\""]
[WhiteTitle "IM"]
[WhiteFideId "114286"]
[BlackFideId "6900860"]
[WhiteElo "2525"]
[BlackElo "2135"]

1. e4 {[%clk 01:30:58]} {[%emt 00:00:01]} c6 {[%clk 01:30:42]} {[%emt
00:00:19]} 2. d4 {[%clk 01:31:24]} {[%emt 00:00:04]} d5 {[%clk 01:31:03]}
{[%emt 00:00:09]} 3. exd5 {[%clk 01:31:51]} {[%emt 00:00:04]} cxd5 {[%clk
01:31:10]} {[%emt 00:00:23]} 4. Bf4 {[%clk 01:32:15]} {[%emt 00:00:05]} Nc6
{[%clk 01:29:37]} {[%emt 00:02:03]} 5. c3 {[%clk 01:32:42]} {[%emt 00:00:04]}
Nf6 {[%clk 01:25:53]} {[%emt 00:04:14]} 6. Nd2 {[%clk 01:33:02]} {[%emt
00:00:10]} Bf5 {[%clk 01:23:29]} {[%emt 00:02:54]} 7. Ngf3 {[%clk 01:33:22]}
{[%emt 00:00:10]} e6 {[%clk 01:22:38]} {[%emt 00:01:21]} 8. Qb3 {[%clk
01:33:29]} {[%emt 00:00:23]} Qc8 {[%clk 01:21:37]} {[%emt 00:01:30]} 9. Nh4
{[%clk 01:33:50]} {[%emt 00:00:09]} Be4 {[%clk 01:17:59]} {[%emt 00:04:08]} 10.
Nxe4 {[%clk 01:34:13]} {[%emt 00:00:07]} Nxe4 {[%clk 01:15:55]} {[%emt
00:02:34]} 11. Nf3 {[%clk 01:34:29]} {[%emt 00:00:15]} Bd6 {[%clk 01:12:26]}
{[%emt 00:03:59]} 12. Bxd6 {[%clk 01:34:53]} {[%emt 00:00:06]} Nxd6 {[%clk
01:12:51]} {[%emt 00:00:05]} 13. Bd3 {[%clk 01:35:14]} {[%emt 00:00:09]} O-O
{[%clk 01:12:32]} {[%emt 00:00:49]} 14. Qc2 {[%clk 01:33:28]} {[%emt 00:02:16]}
h6 {[%emt 00:10:59]} 15. O-O {[%clk 01:22:30]} {[%emt 00:02:14]} Rb8 {[%clk
01:08:14]} {[%emt 00:03:33]} 16. Kh1 {[%clk 01:12:40]} {[%emt 00:10:20]} b5
{[%clk 01:03:50]} {[%emt 00:04:55]} 17. g4 {[%emt 00:16:51]} f5 {[%emt
00:14:19]} 18. Rg1 {[%emt 00:23:06]} b4 {[%emt 00:08:07]} 19. g5 {[%emt
00:07:20]} hxg5 {[%clk 00:27:52]} {[%emt 00:00:36]} 20. Nxg5 {[%clk 00:41:13]}
{[%emt 00:00:37]} bxc3 {[%clk 00:25:19]} {[%emt 00:03:03]} 21. bxc3 {[%clk
00:41:08]} {[%emt 00:00:36]} Rf6 {[%emt 00:11:37]} 22. f3 {[%emt 00:05:26]} Rh6
{[%emt 00:01:16]} 23. Rae1 {[%clk 00:24:57]} {[%emt 00:03:11]} Qd7 {[%clk
00:20:02]} {[%emt 00:02:28]} 24. Qg2 {[%emt 00:01:56]} Re8 {[%emt 00:06:54]} 25.
Qg3 {[%emt 00:00:15]} Na5 {[%emt 00:12:52]} 26. Re2 {[%clk 00:12:30]} {[%emt
00:00:21]} Nac4 {[%emt 00:02:36]} 27. Nh3 {[%clk 00:10:39]} {[%emt 00:00:20]}
Rf8 {[%clk 00:08:44]} {[%emt 00:04:21]} 28. Nf4 {[%emt 00:01:36]} Rff6 {[%emt
00:00:16]} 29. Reg2 {[%emt 00:03:44]} Ne8 {[%emt 00:02:28]} 30. Bxc4 {[%clk
00:07:16]} {[%emt 00:00:20]} dxc4 {[%emt 00:00:48]} 31. Qe1 {[%clk 00:06:45]}
{[%emt 00:00:15]} Rh7 {[%emt 00:03:22]} 32. Ng6 {[%emt 00:01:14]} Nd6 {[%clk
00:04:35]} {[%emt 00:01:11]} 33. Qe5 {[%clk 00:04:41]} {[%emt 00:00:24]} Ne8
{[%emt 00:01:46]} 34. Qb8 {[%clk 00:04:21]} {[%emt 00:00:22]} Rxg6 {[%clk
00:01:55]} {[%emt 00:02:23]} 35. Rxg6 {[%clk 00:04:44]} {[%emt 00:00:06]} Kf7
{[%emt 00:01:08]} 36. R6g2 {[%clk 00:03:36]} {[%emt 00:00:48]} Nd6 {[%emt
00:01:33]} 37. Rb1 {[%clk 00:03:23]} {[%emt 00:00:25]} Rh3 {[%clk 00:01:39]}
{[%emt 00:00:14]} 38. Qa8 {[%clk 00:02:52]} {[%emt 00:01:01]} Nb5 {[%clk
00:01:15]} {[%emt 00:00:55]} 39. Rxg7+ {[%clk 00:00:52]} {[%emt 00:02:29]} Kxg7
{[%emt 00:00:08]} 40. Rg1+ Kf6 {[%clk 00:01:00]} {[%emt 00:01:07]} 41. Qf8+
{[%clk 00:01:44]} {[%emt 00:00:08]} Qf7 {[%clk 00:01:16]} {[%emt 00:00:14]} 42.
Qd8+ {[%clk 00:02:06]} {[%emt 00:00:08]} Qe7 {[%clk 00:01:25]} {[%emt
00:00:22]} 43. Rg6+ {[%clk 00:02:23]} {[%emt 00:00:12]} Kxg6 {[%clk 00:01:23]}
{[%emt 00:00:32]} 44. Qxe7 {[%clk 00:02:52]} {[%emt 00:00:01]} Nxc3 {[%clk
00:01:32]} {[%emt 00:00:21]} 45. Qxe6+ {[%clk 00:03:15]} {[%emt 00:00:07]} Kg5
{[%clk 00:01:39]} {[%emt 00:00:21]} 46. Qe3+ {[%clk 00:03:25]} {[%emt
00:00:20]} 1-0

[Event "Valls Vs Andorra"]
[Site "Valls"]
[Date "2023.02.25"]
[Round "6.4"]
[White "Ribera Veganzones, Josep Maria"]
[Black "Matnadze Bujiashvili, Ann"]
[Result "0-1"]
[TimeControl "90'+30\""]
[BlackTitle "WGM"]
[WhiteFideId "6900763"]
[BlackFideId "13601377"]
[WhiteElo "2194"]
[BlackElo "2392"]

1. e4 {[%emt 00:00:30]} c6 {[%emt 00:00:20]} 2. d4 {[%clk 01:30:51]} {[%emt
00:00:04]} d5 {[%clk 01:31:04]} {[%emt 00:00:11]} 3. e5 {[%emt 00:00:42]} Bf5
{[%emt 00:01:40]} 4. Nd2 {[%clk 01:29:12]} {[%emt 00:00:35]} h5 {[%emt
00:03:00]} 5. Nb3 {[%emt 00:00:40]} e6 {[%clk 01:31:12]} {[%emt 00:00:06]} 6.
Nf3 {[%clk 01:27:16]} {[%emt 00:00:15]} Nd7 {[%emt 00:01:19]} 7. Be2 {[%emt
00:01:48]} Bg4 {[%emt 00:00:33]} 8. O-O {[%clk 01:26:38]} {[%emt 00:00:19]} Ne7
{[%emt 00:04:03]} 9. Bf4 {[%emt 00:03:09]} Nf5 {[%emt 00:03:42]} 10. Qd2 {[%clk
01:17:47]} {[%emt 00:01:47]} Qb6 11. a4 {[%emt 00:07:55]} a5 {[%emt 00:01:45]}
12. Rfd1 {[%clk 01:16:01]} {[%emt 00:00:32]} Bb4 {[%clk 01:20:42]} {[%emt
00:01:20]} 13. Qd3 {[%emt 00:04:43]} Qc7 {[%emt 00:00:36]} 14. h3 {[%clk
01:14:27]} {[%emt 00:00:02]} Bxf3 {[%clk 01:18:51]} {[%emt 00:00:06]} 15. Bxf3
{[%emt 00:00:09]} g6 {[%clk 01:16:01]} {[%emt 00:03:17]} 16. Bg5 {[%emt
00:01:35]} Be7 {[%emt 00:00:10]} 17. Bxe7 {[%emt 00:01:03]} Kxe7 {[%clk
01:15:33]} {[%emt 00:00:05]} 18. c4 {[%clk 01:14:26]} {[%emt 00:00:29]} dxc4
{[%clk 01:13:54]} {[%emt 00:02:08]} 19. Qxc4 {[%clk 01:14:49]} {[%emt
00:00:08]} Kf8 {[%emt 00:13:10]} 20. Nd2 {[%clk 01:03:16]} {[%emt 00:00:06]}
Kg7 {[%clk 01:12:03]} {[%emt 00:01:38]} 21. Ne4 {[%emt 00:03:54]} Rad8 {[%clk
01:08:58]} {[%emt 00:01:25]} 22. Ng5 {[%emt 00:03:58]} Nb6 {[%emt 00:08:17]} 23.
Qc5 {[%emt 00:00:30]} Nd5 {[%emt 00:01:37]} 24. Ne4 {[%emt 00:03:32]} Rd7
{[%clk 00:58:20]} {[%emt 00:06:16]} 25. Rac1 {[%clk 00:51:14]} {[%emt
00:00:47]} Qd8 {[%emt 00:00:29]} 26. Nd2 {[%clk 00:48:12]} {[%emt 00:03:20]}
Nf4 {[%clk 00:57:05]} {[%emt 00:01:58]} 27. Nb3 {[%clk 00:48:24]} {[%emt
00:00:18]} Nh4 {[%emt 00:05:33]} 28. Qc3 {[%emt 00:05:05]} Nhxg2 {[%emt
00:04:08]} 29. Kh2 {[%clk 00:39:16]} {[%emt 00:01:41]} Nh4 {[%clk 00:50:59]}
{[%emt 00:01:17]} 30. Nxa5 {[%emt 00:01:08]} Nf5 {[%emt 00:05:18]} 31. Rc2
{[%emt 00:07:00]} Nxd4 {[%clk 00:34:30]} {[%emt 00:08:01]} 32. Nxb7 {[%emt
00:04:39]} Qh4 {[%emt 00:10:31]} 33. Bg2 {[%emt 00:10:30]} Nde2 {[%emt
00:05:25]} 34. Qe1 {[%clk 00:18:36]} {[%emt 00:00:16]} Qg4 {[%emt 00:02:01]} 35.
Bf1 {[%clk 00:17:18]} {[%emt 00:00:16]} Qg1# {[%clk 00:23:42]} {[%emt
00:00:08]} 0-1

[Event "Valls Vs Andorra"]
[Site "Valls"]
[Date "2023.02.25"]
[Round "6.5"]
[White "Baches Garcia, Guillermo"]
[Black "Pham Guerrero, Sergi"]
[Result "1-0"]
[TimeControl "90'+30\""]
[WhiteTitle "IM"]
[WhiteFideId "2209764"]
[BlackFideId "2221721"]
[WhiteElo "2326"]
[BlackElo "2166"]

1. e4 {[%clk 01:30:43]} {[%emt 00:00:17]} c5 {[%clk 01:30:40]} {[%emt
00:00:20]} 2. Nf3 {[%clk 01:31:03]} {[%emt 00:00:09]} d6 {[%clk 01:31:02]}
{[%emt 00:00:08]} 3. d4 {[%clk 01:31:29]} {[%emt 00:00:05]} cxd4 {[%clk
01:31:26]} {[%emt 00:00:06]} 4. Nxd4 {[%clk 01:31:56]} {[%emt 00:00:03]} Nf6
{[%clk 01:31:49]} {[%emt 00:00:06]} 5. Nc3 {[%clk 01:32:15]} {[%emt 00:00:11]}
g6 {[%clk 01:32:10]} {[%emt 00:00:09]} 6. Be3 {[%clk 01:32:22]} {[%emt
00:00:23]} Bg7 {[%clk 01:32:30]} {[%emt 00:00:10]} 7. f3 {[%clk 01:32:42]}
{[%emt 00:00:10]} O-O {[%clk 01:32:33]} {[%emt 00:00:27]} 8. Qd2 {[%clk
01:33:08]} {[%emt 00:00:05]} Nc6 {[%clk 01:32:54]} {[%emt 00:00:09]} 9. O-O-O
{[%clk 01:33:18]} {[%emt 00:00:20]} d5 {[%emt 00:02:25]} 10. Nxc6 {[%emt
00:00:22]} bxc6 {[%clk 01:32:05]} {[%emt 00:00:07]} 11. Bh6 {[%emt 00:00:10]}
Bxh6 {[%clk 01:28:18]} {[%emt 00:04:15]} 12. Qxh6 {[%clk 01:33:15]} {[%emt
00:00:18]} e5 {[%clk 01:27:51]} {[%emt 00:00:58]} 13. h4 {[%emt 00:08:38]} Be6
{[%emt 00:06:21]} 14. Qg5 {[%emt 00:28:08]} Rb8 {[%clk 00:58:38]} {[%emt
00:00:28]} 15. Qxe5 {[%emt 00:06:22]} Nd7 {[%emt 00:10:07]} 16. Qd6 {[%emt
00:03:47]} Qb6 {[%clk 00:50:32]} {[%emt 00:04:42]} 17. b3 {[%emt 00:10:38]}
Qe3+ {[%clk 00:39:31]} {[%emt 00:04:25]} 18. Kb2 {[%clk 01:01:42]} {[%emt
00:01:48]} Rfd8 {[%emt 00:27:34]} 19. Rd3 {[%emt 00:08:13]} Qf2 {[%clk
00:32:14]} {[%emt 00:00:10]} 20. Qf4 {[%emt 00:13:22]} Qc5 {[%emt 00:18:23]} 21.
h5 {[%emt 00:02:24]} d4 {[%clk 00:14:23]} {[%emt 00:00:30]} 22. Nd1 {[%emt
00:04:36]} Ne5 {[%clk 00:11:05]} {[%emt 00:00:11]} 23. Rd2 {[%clk 00:17:12]}
{[%emt 00:02:33]} Qd6 {[%clk 00:09:54]} {[%emt 00:01:41]} 24. Qh6 {[%clk
00:13:52]} {[%emt 00:03:47]} Rd7 {[%clk 00:09:15]} {[%emt 00:01:13]} 25. hxg6
{[%emt 00:02:29]} fxg6 {[%clk 00:09:35]} {[%emt 00:00:08]} 26. f4 {[%emt
00:04:13]} Ng4 {[%clk 00:04:08]} {[%emt 00:02:35]} 27. Qg5 {[%clk 00:11:34]}
{[%emt 00:00:31]} h6 {[%clk 00:04:14]} {[%emt 00:00:24]} 28. Rxh6 {[%clk
00:08:12]} {[%emt 00:03:51]} Nxh6 {[%clk 00:03:51]} {[%emt 00:00:53]} 29. Qxh6
{[%clk 00:08:39]} {[%emt 00:00:04]} c5 {[%emt 00:03:12]} 30. e5 {[%clk
00:06:55]} {[%emt 00:00:25]} Qc6 {[%clk 00:01:54]} {[%emt 00:01:33]} 31. g4
{[%clk 00:04:55]} {[%emt 00:02:31]} c4 {[%clk 00:02:09]} {[%emt 00:00:16]} 32.
Rh2 {[%clk 00:04:33]} {[%emt 00:00:51]} Kf7 {[%clk 00:00:32]} {[%emt 00:02:07]}
33. f5 {[%clk 00:03:57]} {[%emt 00:01:06]} 1-0

[Event "Valls Vs Andorra"]
[Site "Valls"]
[Date "2023.02.25"]
[Round "6.6"]
[White "Gomez Anadon, Daniel"]
[Black "Chueca Forcen, Alberto"]
[Result "0-1"]
[TimeControl "90'+30\""]
[WhiteTitle "FM"]
[BlackTitle "IM"]
[WhiteFideId "2218151"]
[BlackFideId "2269902"]
[WhiteElo "2137"]
[BlackElo "2354"]

1. e4 {[%clk 01:30:54]} {[%emt 00:00:05]} c5 {[%clk 01:30:57]} {[%emt
00:00:03]} 2. Nf3 {[%clk 01:30:55]} {[%emt 00:00:29]} d6 {[%clk 01:31:22]}
{[%emt 00:00:05]} 3. d4 {[%clk 01:28:13]} {[%emt 00:03:11]} cxd4 {[%clk
01:31:50]} {[%emt 00:00:03]} 4. Nxd4 {[%clk 01:28:38]} {[%emt 00:00:05]} Nf6
{[%clk 01:32:17]} {[%emt 00:00:03]} 5. Nc3 {[%clk 01:29:03]} {[%emt 00:00:05]}
g6 {[%clk 01:32:38]} {[%emt 00:00:09]} 6. Be3 {[%clk 01:29:01]} {[%emt
00:00:31]} Bg7 {[%clk 01:33:05]} {[%emt 00:00:04]} 7. Be2 {[%clk 01:29:09]}
{[%emt 00:00:22]} O-O {[%clk 01:33:11]} {[%emt 00:00:24]} 8. Qd2 {[%clk
01:28:02]} {[%emt 00:01:37]} Nc6 {[%clk 01:32:35]} {[%emt 00:01:05]} 9. O-O-O
{[%clk 01:28:17]} {[%emt 00:00:16]} Nxd4 {[%clk 01:26:58]} {[%emt 00:06:07]} 10.
Bxd4 {[%clk 01:27:35]} {[%emt 00:01:11]} Be6 {[%clk 01:26:42]} {[%emt
00:00:45]} 11. h4 {[%clk 01:19:27]} {[%emt 00:08:39]} Qa5 {[%clk 01:12:47]}
{[%emt 00:14:23]} 12. Qg5 {[%clk 01:18:28]} {[%emt 00:01:29]} Qxg5+ {[%clk
00:56:23]} {[%emt 00:16:55]} 13. hxg5 {[%clk 01:18:48]} {[%emt 00:00:10]} Nd7
{[%clk 00:56:10]} {[%emt 00:00:42]} 14. Nd5 {[%clk 01:13:19]} {[%emt 00:05:58]}
Bxd5 {[%clk 00:54:57]} {[%emt 00:01:44]} 15. exd5 {[%clk 01:07:24]} {[%emt
00:06:26]} f6 {[%clk 00:47:45]} {[%emt 00:07:42]} 16. Bb5 {[%clk 01:00:22]}
{[%emt 00:07:31]} Nc5 {[%clk 00:39:12]} {[%emt 00:09:04]} 17. Rde1 {[%clk
00:30:17]} {[%emt 00:30:35]} a6 {[%clk 00:31:22]} {[%emt 00:08:19]} 18. Bf1
{[%clk 00:12:55]} {[%emt 00:17:52]} Rae8 {[%clk 00:22:16]} {[%emt 00:09:35]} 19.
gxf6 {[%clk 00:12:41]} {[%emt 00:00:44]} Bxf6 {[%clk 00:22:13]} {[%emt
00:00:34]} 20. Bxc5 {[%clk 00:12:39]} {[%emt 00:00:32]} dxc5 {[%clk 00:22:24]}
{[%emt 00:00:19]} 21. g3 {[%clk 00:11:51]} {[%emt 00:01:18]} Bd4 {[%clk
00:17:04]} {[%emt 00:05:51]} 22. Bh3 {[%clk 00:06:57]} {[%emt 00:05:25]} Bxf2
{[%clk 00:15:37]} {[%emt 00:01:57]} 23. Re2 {[%clk 00:07:07]} {[%emt 00:00:19]}
Bxg3 {[%clk 00:15:30]} {[%emt 00:00:36]} 24. Bd7 {[%clk 00:06:49]} {[%emt
00:00:48]} Bd6 {[%clk 00:15:37]} {[%emt 00:00:23]} 25. Bxe8 {[%clk 00:05:54]}
{[%emt 00:01:25]} Rxe8 {[%clk 00:16:06]} {[%emt 00:00:02]} 26. Rf1 {[%clk
00:05:31]} {[%emt 00:00:53]} Kg7 {[%clk 00:11:39]} {[%emt 00:04:57]} 27. Kd1
{[%clk 00:04:46]} {[%emt 00:01:15]} h5 {[%clk 00:11:16]} {[%emt 00:00:52]} 28.
Re6 {[%clk 00:04:45]} {[%emt 00:00:31]} Kh6 {[%clk 00:08:10]} {[%emt 00:03:37]}
29. Ke2 {[%clk 00:03:17]} {[%emt 00:01:58]} h4 {[%clk 00:07:48]} {[%emt
00:00:51]} 30. Rf5 {[%clk 00:02:25]} {[%emt 00:01:22]} h3 {[%clk 00:04:13]}
{[%emt 00:04:06]} 31. Kf1 {[%clk 00:02:15]} {[%emt 00:00:40]} h2 {[%clk
00:01:29]} {[%emt 00:03:14]} 32. Kg2 {[%clk 00:02:29]} {[%emt 00:00:16]} Rh8
{[%clk 00:01:37]} {[%emt 00:00:21]} 33. Kh1 {[%clk 00:02:16]} {[%emt 00:00:43]}
Kg7 {[%clk 00:01:29]} {[%emt 00:00:37]} 34. Rg5 {[%clk 00:02:13]} {[%emt
00:00:35]} Rh6 {[%clk 00:01:58]} {[%emt 00:00:01]} 35. a4 {[%clk 00:01:07]}
{[%emt 00:01:36]} b5 {[%clk 00:01:36]} {[%emt 00:00:51]} 36. a5 {[%emt
00:00:34]} Kf7 {[%clk 00:01:58]} {[%emt 00:00:06]} 37. Rf5+ {[%clk 00:00:42]}
{[%emt 00:00:54]} Ke8 {[%clk 00:01:00]} {[%emt 00:01:28]} 38. Rg5 {[%clk
00:01:03]} {[%emt 00:00:09]} Kf7 {[%clk 00:01:07]} {[%emt 00:00:23]} 39. Rf5+
{[%clk 00:01:29]} {[%emt 00:00:04]} Kg7 {[%clk 00:01:19]} {[%emt 00:00:18]} 40.
Rg5 {[%clk 00:01:50]} {[%emt 00:00:09]} b4 {[%clk 00:01:40]} {[%emt 00:00:08]}
41. Rg2 {[%clk 00:00:55]} {[%emt 00:01:25]} Kf7 {[%clk 00:01:35]} {[%emt
00:00:35]} 42. Rf2+ {[%clk 00:01:24]} {[%emt 00:00:01]} Ke8 {[%clk 00:01:45]}
{[%emt 00:00:20]} 43. Rg2 {[%clk 00:00:33]} {[%emt 00:01:21]} Rh5 {[%clk
00:01:55]} {[%emt 00:00:20]} 44. Rgxg6 {[%emt 00:00:32]} Rxd5 {[%clk 00:02:15]}
{[%emt 00:00:10]} 45. Rxd6 {[%clk 00:00:31]} {[%emt 00:00:30]} exd6 {[%clk
00:01:59]} {[%emt 00:00:47]} 0-1

[Event "Valls Vs Andorra"]
[Site "Valls"]
[Date "2023.02.25"]
[Round "6.7"]
[White "Garcia Jimenez, Francisco Javier"]
[Black "Gonzalez Maza, Rafael"]
[Result "1-0"]
[TimeControl "90'+30\""]
[WhiteTitle "FM"]
[BlackTitle "FM"]
[WhiteFideId "2231590"]
[BlackFideId "2200570"]
[WhiteElo "2244"]
[BlackElo "2152"]

1. e4 {[%clk 01:30:41]} {[%emt 00:00:03]} e6 {[%emt 00:01:22]} 2. d3 {[%emt
00:03:11]} d5 {[%emt 00:00:05]} 3. Nd2 {[%clk 01:30:08]} {[%emt 00:00:10]} c5
{[%emt 00:00:09]} 4. g3 {[%clk 01:30:54]} {[%emt 00:00:16]} Nc6 5. Bg2 {[%emt
00:10:12]} Nge7 {[%emt 00:02:51]} 6. Ngf3 {[%clk 01:28:43]} {[%emt 00:01:44]}
b6 7. O-O {[%clk 01:28:03]} {[%emt 00:02:17]} Qc7 8. Re1 {[%emt 00:01:27]} Bb7
{[%emt 00:05:15]} 9. exd5 {[%emt 00:00:20]} Nxd5 {[%emt 00:10:11]} 10. Ne4
{[%emt 00:04:00]} Be7 {[%emt 00:16:36]} 11. Nc3 {[%emt 00:15:52]} Nxc3 {[%clk
00:58:07]} {[%emt 00:00:05]} 12. bxc3 {[%emt 00:00:33]} O-O {[%emt 00:04:40]}
13. Bf4 {[%emt 00:04:18]} Bd6 {[%emt 00:00:03]} 14. Bxd6 {[%emt 00:00:07]} Qxd6
{[%emt 00:00:27]} 15. Ne5 {[%emt 00:08:46]} Rad8 {[%emt 00:08:28]} 16. Nc4
{[%emt 00:01:34]} Qc7 {[%emt 00:00:52]} 17. a4 {[%emt 00:07:56]} Nb8 {[%emt
00:03:33]} 18. Bxb7 {[%clk 00:42:45]} {[%emt 00:00:11]} Qxb7 {[%emt 00:00:11]}
19. Qe2 {[%emt 00:07:45]} Nd7 {[%emt 00:04:42]} 20. Reb1 {[%clk 00:39:41]}
{[%emt 00:00:24]} Qc6 {[%emt 00:01:04]} 21. Rb3 {[%emt 00:03:31]} Rb8 {[%emt
00:03:35]} 22. Qe4 {[%emt 00:03:17]} Rfc8 {[%emt 00:13:03]} 23. Qf4 {[%emt
00:00:04]} Rd8 {[%emt 00:02:43]} 24. h4 {[%clk 00:19:19]} {[%emt 00:01:59]} Nf6
25. a5 {[%emt 00:11:07]} b5 {[%emt 00:01:03]} 26. a6 {[%emt 00:03:31]} Nd5
{[%emt 00:00:10]} 27. Qxf7+ {[%emt 00:00:34]} Kh8 {[%emt 00:01:45]} 28. Ne5
{[%emt 00:11:25]} Qe8 {[%emt 00:03:16]} 29. Qxe8+ {[%clk 00:15:16]} {[%emt
00:00:02]} Rxe8 {[%clk 00:01:37]} {[%emt 00:00:01]} 30. Nf7+ {[%emt 00:00:10]}
Kg8 {[%emt 00:00:03]} 31. Nd6 {[%emt 00:00:22]} Re7 {[%emt 00:00:59]} 32. Rxb5
{[%emt 00:01:43]} Rxb5 {[%clk 00:00:47]} {[%emt 00:00:04]} 33. Nxb5 {[%emt
00:00:03]} Rd7 {[%emt 00:04:12]} 34. Rb1 {[%clk 00:12:30]} Kf7 {[%emt
00:01:28]} 35. Nxa7 {[%emt 00:01:35]} Rd6 {[%emt 00:00:13]} 1-0